000
00285nam a22001337a 4500
008
180227b xxu||||| |||| 00| 0 eng d
020
_a
9780683079227
041
_a
eng
080
_a
61
100
_a
4
101
_a
SHM
245
_a
Medical dictionary
_c
Rexroad,J
942
_2
udc
_c
BK
999
_c
43564
_d
43564